000 00749nam a22002177a 4500
005 20170124110030.0
010 _aB-181264
020 _c500.00
035 _aB-181264
037 _bCen Lib/Ret
040 _adpl
_bEN
082 _a410.24
_bNAR
100 _aNarale, Acarya Ratnakar
_921486
245 _aSansrit for english speaking people :
_cby Acarya Ratnakar Narale
_ba systematic teaching and self-learning tool to read,write,understand and speak sanskrit /
260 _bPrabhat Prakashan
_c2004
_aNew Delhi
270 _a4/19, Asaf Ali Road
_bNew Delhi
_e110002
300 _axxi,554p.
_c21cm(Hb)
650 _aSanskrit.
_919811
650 _aSystematic teaching of sanskrit.
_921487
942 _2ddc
_cEN
_h410.24
_mNAR
999 _c127767
_d127767